00414nam a22001337a 450000500170000000800410001704100130005808200120007110000130008324500450009626000830014130000310022465000250025520240510100748.0240510b |||||||| |||| 00| 0 eng d aEnglish  a349 LAW lEnglish  aThe Law Reports: Queen's Bench Division  aLondon: bThe Incorporated Council of Law Reporting for Law Reporting, c1986  bxxiv, 1282 pages;c25 cm.  aLegal practice bLaw